00994cam a2200217Ia 4500020001500000020001800015040001000033082002600043245004700069246003500116260022600151300005200377500009700429500008800526500003400614650002700648650002700675650002700702700002600729700002100755 a9839054449 a9789839054446 cSINTU a303 PAN 2005 A065 Or.00aDigital review of Asia Pacific 2005/2006 /10aDigital review of Asia Pacific aOttawa :bPan Asia Networking Programme, International Development Research Centre ;aBangkok :bAsia-Pacific Development Information Programme, United Nations Development Programme ;aMontreal, Canada :bORBICOM,cc2005. axviii, 259 p. ;c30 cm. +e1 CD-ROM (4 3/4 in.) a"This edition updates reports first published in the 2003/2004 edition of this publication." aPublisher: Claude-Yves Charron ; Published in association with: Southbound, Penang. aChief editor: Chin Saik Yoon. 0aInformation technology 0aInformation technology 0aInformation technology1 aCharron, Claude-Yves.1 aYoon, Chin Saik.